| 000 | 00526nam a22001937a 4500 | ||
|---|---|---|---|
| 999 |
_c167284 _d167284 |
||
| 005 | 20190827111310.0 | ||
| 010 | _aENG-126316 | ||
| 020 |
_c700.00 _a9788193993606 |
||
| 035 | _aEN-109848 | ||
| 037 | _bDBAD/PUB | ||
| 082 | _a310 | ||
| 100 | _aSumathi,K. | ||
| 245 |
_aStatistics with Excel/ _cby K. Sumathi [and] S.Aiswarya |
||
| 260 |
_aTamilnadu _bBlue Hill Publishers _c2018 |
||
| 270 |
_bCoimbatore _e641113 |
||
| 300 |
_a329p. _c22cm(pbk) |
||
| 700 | _aAiswarya, S. | ||
| 942 |
_2ddc _cEN _h310 _mSUM |
||